Statistics for Washington Wizards 2020's Starters

Click here to take the quiz!

General Stats

  • This quiz has been taken 107 times
    (19 since last reset)
  • The average score is 9 of 16

Answer Stats

PlayerStarts% Correct
Bradley Beal4
100%
Jordan Poole1
100%
Kyle Kuzma3
94%
Russell Westbrook1
94%
Daniel Gafford3
82%
Deni Avdija2
76%
Tyus Jones1
71%
Kristaps Porziņģis1
65%
Monte Morris1
53%
Rui Hachimura2
53%
Thomas Bryant1
41%
Spencer Dinwiddie1
35%
Kentavious Caldwell-Pope1
29%
Alex Len1
24%
Isaiah Thomas1
12%
Isaac Bonga1
6%

Score Distribution

Percentile by Number Answered

Percent of People with Each Score

Your Score History

You have not taken this quiz since the last reset